El Dios de la edad media

Αποθηκεύτηκε σε:
Λεπτομέρειες βιβλιογραφικής εγγραφής
Κύριος συγγραφέας: Le Goff, Jacques (Συγγραφέας)
Μορφή: Βιβλίο
Γλώσσα:Ισπανικά
Έκδοση: Madrid Trotta 2004
Σειρά:Colección Estructuras y Procesos. Serie Religión
Θέματα:
Ετικέτες: Προσθήκη ετικέτας
Δεν υπάρχουν, Καταχωρήστε ετικέτα πρώτοι!

MARC

LEADER 00000nam a2200000 a 4500
001 UCI5943
003 CL-VaPUC
008 080411e20040000SP |||||||||||||||||spa|d
020 |a 848164756X 
082 0 4 |a 270  |b LEG  |2 21 
100 |a Le Goff, Jacques  |e author  |9 322549 
245 1 3 |a El Dios de la edad media 
300 |a 78 p 
942 |c BK 
945 |d 20080411 00:00:00  |a jtorresc 
260 |a Madrid  |b Trotta  |c 2004 
600 0 |a Dios  |9 314467 
650 0 |a Historia de la iglesia   |9 257565 
650 0 |a Historia de las doctrinas   |9 255470 
650 0 |a Edad media  |9 258041 
650 0 |a Cristianismo  |9 257361 
583 |a last modification  |c 20080411 00:00:00  |k Rodrigo Vera 
490 0 |a Colección Estructuras y Procesos. Serie Religión 
999 |c 329583  |d 329581 
952 |0 0  |1 0  |4 0  |6 270_000000000000000_LEG_2004  |7 0  |8 A  |9 414490  |a BIBHIS  |b BIBHIS  |d 2019-11-22  |i 4427114  |o 270 LEG 2004  |p 4427114  |r 2025-01-20  |w 2019-11-22  |y BK  |k HIS